00393pab a2200121 454500008004000000100001600040245011500056260000900171300001200180362000900192650003400201773003600235180718b1988 xxu||||| |||| 00| 0 eng d aNinan, K.N. aFactors influencing growth and instability in oilseeds production - the case of Groundnut and Rapeseed Mustard c1988 a1065-75 aMar. aOils And Fats, Edible - India aAgricultural Situation in India